000
00307nam a22001337a 4500
008
180315b xxu||||| |||| 00| 0 eng d
020
_a
9780671708634
041
_a
eng
080
_a
33
100
_a
57
101
_a
BIZ
245
_a
The 7 habits of highly effective people
_c
Covey,S.R
942
_2
udc
_c
BK
999
_c
45174
_d
45174